[Event "Olomouc op 23rd"]
[Site "Olomouc"]
[Date "2022.08.18"]
[Round "7"]
[White "Al Ali, Hussein Ali Hussein"]
[Black "Schletter, Felix"]
[Result "1/2-1/2"]
[WhiteElo "2235"]
[BlackElo "1975"]
[PlyCount "122"]
[EventDate "2022.08.13"]
[EventType "swiss"]
[EventRounds "9"]
[EventCountry "CZE"]
[SourceTitle "CBM 209 Extra"]
[Source "ChessBase"]
[SourceDate "2022.09.30"]
[SourceVersion "1"]
[SourceVersionDate "2022.09.30"]
[SourceQuality "1"]

1. Nf3 Nf6 2. e3 c5 3. b3 g6 4. Bb2 Bg7 5. c4 0-0 6. Be2 Nc6 7. 0-0 d5 8. cxd5 Nxd5 9. Bxg7 Kxg7 10. Qc1 Qd6 11. Nc3 Nxc3 12. Qxc3+ e5 13. Bb5 f6 14. Bxc6 Qxc6 15. Rfc1 Bg4 16. Ne1 Rac8 17. h3 Be6 18. d3 Rfd8 19. Rc2 Qa6 20. Rac1 b6 21. Qb2 Bf5 22. e4 Be6 23. b4 c4 24. dxc4 Rxc4 25. Rxc4 Bxc4 26. a3 b5 27. Nf3 Rd3 28. Nd2 Qxa3 29. Nxc4 bxc4 30. Qxa3 Rxa3 31. Rxc4 Ra1+ 32. Kh2 g5 33. b5 Kg6 34. g4 a6 35. bxa6 Rxa6 36. Kg3 Ra3+ 37. f3 h5 38. gxh5+ Kxh5 39. Rc8 Ra1 40. Rf8 Kg6 41. h4 gxh4+ 42. Kxh4 Rh1+ 43. Kg3 Rg1+ 44. Kf2 Ra1 45. Rb8 Rc1 46. Rb7 Ra1 47. Rb8 Rc1 48. Rg8+ Kf7 49. Rh8 Kg7 50. Rh4 Kg6 51. Rg4+ Kf7 52. Rg2 Ke6 53. Kg3 f5 54. exf5+ Kxf5 55. Rh2 Rg1+ 56. Kf2 Ra1 57. Rh8 Ra4 58. Kg3 Rb4 59. Rf8+ Ke6 60. Re8+ Kf5 61. Ra8 Rc4 1/2-1/2

[Event "Wroclaw Anderssen Memorial"]
[Site "Wroclaw"]
[Date "2021.07.31"]
[Round "4"]
[White "Dobrowolski, Aleksander"]
[Black "Schletter, Felix"]
[Result "1-0"]
[WhiteElo "2220"]
[BlackElo "1759"]
[PlyCount "101"]
[EventDate "2021.07.31"]
[EventType "swiss (rapid)"]
[EventRounds "9"]
[EventCountry "POL"]
[SourceTitle "CBM 203 Extra"]
[Source "ChessBase"]
[SourceDate "2021.09.30"]
[SourceVersion "1"]
[SourceVersionDate "2021.09.30"]
[SourceQuality "1"]

1. e4 c6 2. d4 d5 3. Nd2 dxe4 4. Nxe4 Bf5 5. Ng3 Bg6 6. h4 h6 7. Nf3 Nd7 8. h5 Bh7 9. Bd3 Bxd3 10. Qxd3 e6 11. Bf4 Qa5+ 12. Bd2 Bb4 13. c3 Be7 14. c4 Qc7 15. 0-0-0 Ngf6 16. Qe2 0-0 17. Ne5 b5 18. Ng6 Rfe8 19. Nxe7+ Rxe7 20. Kb1 bxc4 21. Qxc4 Nb6 22. Qc5 Rd7 23. Rc1 Rc8 24. Rc2 Rd5 25. Qb4 c5 26. Rxc5 Rxc5 27. Qxc5 Qxc5 28. dxc5 Rxc5 29. Be3 Rc8 30. Rc1 Rxc1+ 31. Kxc1 Kf8 32. b3 Ke8 33. a4 Kd7 34. Bc5 Kc6 35. Bf8 Ne8 36. Ne2 Nd5 37. Nd4+ Kd7 38. Kd2 Ndf6 39. Nf3 Ng4 40. Ke2 Nef6 41. Bxg7 Nxh5 42. Ne5+ Nxe5 43. Bxe5 f6 44. Bb8 a6 45. g4 Ng7 46. Bf4 h5 47. Bh6 Ne8 48. gxh5 f5 49. Bg5 Nd6 50. h6 Nf7 51. h7 1-0

[Event "GER-ch Net Amateur Gr-A Vor3"]
[Site "Playchess.com INT"]
[Date "2020.04.16"]
[Round "3"]
[White "Reichel, Jonathan"]
[Black "Schletter, Felix"]
[Result "1-0"]
[WhiteElo "1889"]
[BlackElo "1749"]
[PlyCount "109"]
[EventDate "2020.04.16"]
[EventType "swiss (blitz)"]
[EventRounds "9"]
[EventCountry "GER"]
[SourceTitle "CBM 195 Extra"]
[Source "ChessBase"]
[SourceDate "2020.05.31"]
[SourceVersion "1"]
[SourceVersionDate "2020.05.31"]
[SourceQuality "1"]

1. e4 c5 2. Nf3 Nc6 3. Bb5 g6 4. Bxc6 dxc6 5. d3 Bg7 6. h3 Qc7 7. Nc3 e5 8. Be3 b6 9. Qd2 Nf6 10. Bh6 0-0 11. 0-0-0 a5 12. Bxg7 Kxg7 13. g4 Be6 14. Ng5 Bd7 15. Rdf1 b5 16. f4 b4 17. Ne2 Rad8 18. fxe5 Qxe5 19. Qf4 Qxf4+ 20. Rxf4 h6 21. Rxf6 Kxf6 22. Nh7+ Kg7 23. Nxf8 Kxf8 24. Rf1 Be6 25. Nf4 Kg7 26. Nxe6+ fxe6 27. b3 a4 28. Kd2 axb3 29. axb3 Ra8 30. e5 Ra7 31. Rf6 Re7 32. Ke3 g5 33. d4 cxd4+ 34. Kxd4 Ra7 35. Rxe6 Ra1 36. Rxc6 Rh1 37. Rc7+ Kg6 38. Rc6+ Kg7 39. Rc7+ Kg6 40. e6 Kf6 41. e7 Kf7 42. Kc4 Rxh3 43. Kxb4 Rg3 44. Rc4 Kxe7 45. Kc5 Rg2 46. b4 h5 47. gxh5 g4 48. b5 g3 49. b6 Rh2 50. Rg4 Rxh5+ 51. Kc6 Rh2 52. c4 Rh6+ 53. Kc7 Rh5 54. b7 g2 55. b8Q 1-0

[Event "GER-ch Net Amateur Gr-A Vor2"]
[Site "Playchess.com INT"]
[Date "2020.04.15"]
[Round "1"]
[White "Commercon, Simon"]
[Black "Schletter, Felix"]
[Result "1-0"]
[WhiteElo "2007"]
[BlackElo "1690"]
[PlyCount "45"]
[EventDate "2020.04.15"]
[EventType "swiss (blitz)"]
[EventRounds "9"]
[EventCountry "GER"]
[SourceTitle "CBM 196 Extra"]
[Source "ChessBase"]
[SourceDate "2020.07.31"]
[SourceVersion "1"]
[SourceVersionDate "2020.07.31"]
[SourceQuality "1"]

1. d4 Nf6 2. Nf3 c5 3. e3 g6 4. c3 Bg7 5. dxc5 0-0 6. b4 Qc7 7. Bb2 a5 8. Be2 b6 9. cxb6 Qxb6 10. a3 Nc6 11. 0-0 d6 12. Nbd2 Bb7 13. b5 Nd8 14. c4 Ne6 15. Nd4 Nc5 16. Bf3 Bxf3 17. Qxf3 e6 18. Nc6 Nfe4 19. Nxe4 Bxb2 20. Ra2 Bg7 21. Nxd6 Qc7 22. Ne4 a4 23. Nxc5 1-0

[Event "GER-ch Net Amateur Gr-A Vor1"]
[Site "Playchess.com INT"]
[Date "2020.04.14"]
[Round "7"]
[White "Schletter, Felix"]
[Black "Schroeder, Christoph"]
[Result "1/2-1/2"]
[WhiteElo "1719"]
[BlackElo "1718"]
[PlyCount "40"]
[EventDate "2020.04.14"]
[EventType "swiss (blitz)"]
[EventRounds "9"]
[EventCountry "GER"]
[SourceTitle "EXT 2021"]
[Source "ChessBase"]
[SourceDate "2020.10.23"]
[SourceVersion "1"]
[SourceVersionDate "2020.10.23"]
[SourceQuality "1"]

1. e4 e6 2. d4 d5 3. Nc3 dxe4 4. Nxe4 Nd7 5. Bd3 Ngf6 6. Qe2 c5 7. Nf3 cxd4 8. Nxd4 Nxe4 9. Bxe4 Nc5 10. Nb3 Nxe4 11. Qxe4 Bd6 12. 0-0 0-0 13. Rd1 Qc7 14. h3 Rd8 15. Bf4 Bxf4 16. Qxf4 Qe7 17. Rxd8+ Qxd8 18. Qf3 Qc7 19. Rd1 Bd7 20. Qd3 Bc6 1/2-1/2

[Event "GER-ch Net blitz qual4"]
[Site "Playchess.com INT"]
[Date "2020.03.23"]
[Round "3"]
[White "Koch, Benjamin1111"]
[Black "Schletter, Felix"]
[Result "0-1"]
[WhiteElo "1595"]
[BlackElo "1620"]
[PlyCount "32"]
[EventDate "2020.03.23"]
[EventType "swiss (blitz)"]
[EventRounds "9"]
[EventCountry "GER"]
[SourceTitle "CBM 195 Extra"]
[Source "ChessBase"]
[SourceDate "2020.05.31"]
[SourceVersion "1"]
[SourceVersionDate "2020.05.31"]
[SourceQuality "1"]

1. c4 Nf6 2. g3 c5 3. Bg2 Nc6 4. Nc3 e6 5. d3 Be7 6. Nf3 b6 7. 0-0 Bb7 8. Be3 0-0 9. Nd2 d5 10. cxd5 exd5 11. d4 Qd7 12. Bf4 Nxd4 13. Nf3 Ne6 14. Be5 Rfd8 15. Qc2 Rac8 16. Ng5 Nxg5 0-1